Energy environment in agriculture: a study of developed and devloping systems (Record no. 345467)

000 -LEADER
fixed length control field 00471cam a22001337a 4500
008 - FIXED-LENGTH DATA ELEMENTS--GENERAL INFORMATION
fixed length control field 180718b1986 xxu||||| |||| 00| 0 eng d
082 ## - DEWEY DECIMAL CLASSIFICATION NUMBER
Classification number Y26x5444 G443
100 ## - MAIN ENTRY--PERSONAL NAME
Personal name Giriappa, S.
245 ## - TITLE STATEMENT
Title Energy environment in agriculture: a study of developed and devloping systems
Statement of responsibility, etc. by S. Giriappa
260 ## - PUBLICATION, DISTRIBUTION, ETC.
Place of publication, distribution, etc. Delhi
Name of publisher, distributor, etc. Ashish
Date of publication, distribution, etc. 1986
300 ## - PHYSICAL DESCRIPTION
Extent 92p.
500 ## - GENERAL NOTE
General note Published for Insititute for Social and Economic Change,Bangalore
650 ## - SUBJECT ADDED ENTRY--TOPICAL TERM
Topical term or geographic name entry element Energy resources - India - Karanataka
Holdings
Withdrawn status Lost status Damaged status Not for loan Permanent Location Current Location Date acquired Full call number Barcode Date last seen Price effective from Koha item type
        Indian Institute of Public Administration Indian Institute of Public Administration 1993-10-07 Y26x5444 G443 61960 2018-07-21 2018-07-21 Book

Powered by Koha